000 01013nam2a22002651 4500
001 RU\NLR\INFOCOMM15\1000131989
005 20250617121509.0
035 _a(NLR Aleph) 002594679
090 _a3390564
_c3390564
100 _a20040610d1981 |||y0rusy50 ca
101 0 _arus
102 _aRU
105 _ay |||||||||
200 1 _aНовые технические решения в любительской фотокинотехнике
_fА.А. Зорин, Е.М. Карпов
210 _d1981
_aБ. м.
461 0 _1001RU\NLR\INFOCOMM15\1000131971
_12001#$aОптическое приборостроение$fДом оптики$v1981, Вып.10
_93390409
_cМ.
_d1980-
_fДом оптики
_tОптическое приборостроение
_v1981, Вып.10
700 1 _aЗорин
_bА.А.
_4070
701 1 _aКарпов
_bЕ.М.
_4070
801 1 _aRU
_bInfoComm
_c20040610
801 0 _aRU
_bNLR
_gPSBO
852 _aNLR
_jП10/5814
942 _cISSUE
980 _aNB
980 _aRUSPER